| 000 | 01078cam a2200313 i 4500 | ||
|---|---|---|---|
| 001 | 17184709 | ||
| 005 | 20141211100003.0 | ||
| 008 | 120227s2012 mau b 001 0 eng | ||
| 010 | _a 2012005638 | ||
| 020 | _a9780137028764 | ||
| 020 | _a0137028768 | ||
| 040 |
_aDLC _beng _cDLC _erda |
||
| 042 | _apcc | ||
| 043 | _an-us--- | ||
| 050 | 0 | 0 |
_aLC 3981 _b.R385 2013 |
| 082 | 0 | 0 | _a371.9 |
| 245 | 0 | 0 |
_aResearch-based practices in special education / _cBryan G. Cook, University of Hawaii, Melody Tankersley, Kent State University. |
| 260 |
_aBoston : _bPearson, _cc2012. |
||
| 300 |
_axi, 560 pages : _c29 cm. |
||
| 504 | _aIncludes bibliographical references (pages 451-528) and indexes. | ||
| 521 | _aSpecial Education | ||
| 650 | 0 |
_aSpecial education _xResearch _zUnited States. |
|
| 650 | 0 |
_aPeople with disabilities _xEducation _xResearch. |
|
| 700 | 1 |
_aCook, Bryan G., _eeditor. |
|
| 700 | 1 |
_aTankersley, Melody, _eeditor. |
|
| 906 |
_a7 _bcbc _corignew _d1 _eecip _f20 _gy-gencatlg |
||
| 942 |
_2lcc _cBK _kFOR |
||
| 999 |
_c276926 _d276926 |
||